The modern researcher (Record no. 5266)
[ view plain ]
| 000 -LEADER | |
|---|---|
| fixed length control field | 00452 a2200157 4500 |
| 082 ## - DEWEY DECIMAL CLASSIFICATION NUMBER | |
| Classification number | 001.432 |
| 090 ## - LOCALLY ASSIGNED LC-TYPE CALL NUMBER (OCLC); LOCAL CALL NUMBER (RLIN) | |
| -- | 1310 |
| -- | 1310 |
| 100 ## - MAIN ENTRY--PERSONAL NAME | |
| Personal name | Barzun, Jacques. |
| 245 ## - TITLE STATEMENT | |
| Title | The modern researcher |
| Statement of responsibility, etc. | Jacques Barzun & Henry F. Graff. |
| 250 ## - EDITION STATEMENT | |
| Edition statement | 6th |
| 260 ## - PUBLICATION, DISTRIBUTION, ETC. | |
| Place of publication, distribution, etc. | Islamabad : |
| Name of publisher, distributor, etc. | National Book Foundation. |
| 300 ## - PHYSICAL DESCRIPTION | |
| Extent | xiii, 322 p. ; |
| Dimensions | 24 cm. |
| 500 ## - GENERAL NOTE | |
| General note | Includes Index |
| 650 ## - SUBJECT ADDED ENTRY--TOPICAL TERM | |
| Topical term or geographic name entry element | 1.Academic writing.2.Research.3.Historiography. |
| 942 ## - ADDED ENTRY ELEMENTS (KOHA) | |
| Koha item type | Book |
| Call number prefix | 001.432 BAR |
| Withdrawn status | Lost status | Damaged status | Not for loan | Collection code | Permanent Location | Current Location | Shelving location | Date acquired | Source of acquisition | Cost, normal purchase price | Total Checkouts | Full call number | Barcode | Date last seen | Price effective from | Koha item type |
|---|---|---|---|---|---|---|---|---|---|---|---|---|---|---|---|---|
| Computer Science | Central Library (CL) | Central Library (CL) | First Floor - Computer Science | 07/30/2008 | Donation | 0.00 | 001.432 BAR | SEECS009207 | 11/14/2012 | 01/05/2017 | Book | |||||
| Computer Science | Central Library (CL) | Central Library (CL) | First Floor - Computer Science | 07/30/2008 | Donation | 0.00 | 001.432 BAR | SEECS009208 | 11/14/2012 | 01/05/2017 | Book |
